000 01933nam a22002777i 4500
999 _c22906
_d22906
003 AR-CdUCM
008 240521b20222022 pe||||| |||| 00| 0 spa d
020 _a978-612-49142-6-3
040 _aMUNICIPALIDAD PROVINCIAL DEL CUSCO
_cBIBLIOTECA MUNICIPAL DEL CUSCO
082 _a985.04 / V2
_bV2
100 _aDelgado, Yizza.
_949884
245 _aVoces y documentos para repensar la Independencia y el establecimiento de la República /
260 _aLima :
_bMinisterio de Cultura del Perú,
_bProyecto Especial Bicentenario de la Independencia del Perú,
_c2022
300 _a384 páginas. :
_c20 cm
505 _aCronología de la independencia del Perú: 1742-1826 -- Documentos sobre la Revolución de Túpac Amaru II -- Prospecto de El Mercurio Peruano -- Carta dirigida por Juan Pablo Vizcardo y Guzmán a los Españoles Americanos -- Tratado entre Chile y Argentina para liberar al Perú -- Informes de autoridades realistas del sur andino sobre la llegada de San Martin al Perú -- Correspondencia de la independencia -- Documentos relativos a la independencia de Trujillo -- Captura del guerrillero peruano Francisco Quirós -- El Perú en 1823 -- Correspondencia entre el virrey José De La Serna y el Presidente Riva Agüero -- Bolívar en el Perú -- Cartas de José Faustino Sánchez Carrión en favor del gobierno republicano -- Victoria de Ayacucho -- Acta de independencia del Cusco
650 _aCronología de la independencia del Perú: 1742-1826
_949885
650 _aDocumentos sobre la Revolución de Túpac Amaru II
_949886
650 _aProspecto de El Mercurio Peruano
_949887
650 _aCarta dirigida por Juan Pablo Vizcardo y Guzmán a los Españoles Americanos
_949888
650 _aEmancipación, 1808-1824
_93036
700 _aMcEvoy, Carmen.
_949889
700 _aMontoya, Gustavo.
_949890
856 _fwww.bicentenario.gob.pe/biblioteca
942 _2ddc
_cLIBROS
945 _apbj
_d2024-05-21